Memorial do convento - Statistics

Estatísticas Gerais
  • Esse quiz foi jogado 240 vezes
  • A pontuação média é 9 de 14
Estatísticas das Respostas
Hint Resposta % Correto
Quem é o autor da obra? José Saramago
99%
Qual o convento que faz parte desta história? Convento de Mafra
87%
Qual a alcunha do Baltasar? Sete-Sóis
86%
Qual a alcunha da Blimunda? Sete-Luas
83%
Em que século decorre a ação da obra? Século XVIII
81%
Como se chama o aparelho voador que o padre constrói juntamente com o Baltasar e a Blimunda? Passarola
71%
Para que país foge o padre após o primeiro voo da passarola? Espanha
62%
Qual o poder da Blimunda? Ver o interior das pessoas
56%
Durante quantos anos a Blimunda procura por Baltasar? 9
54%
Nesse país por qual instituição é perseguido o padre? Inquisição
54%
Como se chama o padre? Bartolomeu de Gusmão
49%
Qual o rei que governa nessa época? João V
49%
Qual é o combustível da do aparelho voador? Éter
30%
Que grupo representam a aristocracia e o alto clero? Poder
11%
Nenhum quiz correspondente encontrado
Distribuição das Pontuações
Porcentagem de Pessoas com Cada Pontuação
Percentil de Números Respondidos
Sua Pontuação Histórica
Você não jogou esse quiz